La enfermedad mortal.
Збережено в:
| Автор: | |
|---|---|
| Інші автори: | , |
| Формат: | Невідомо |
| Мова: | Англійська |
| Опубліковано: |
Madrid, España:
Trotta,
2008.
|
| Серія: | Colección Estructuras y Procesos. Serie Filosofía.
|
| Предмети: | |
| Теги: |
Додати тег
Немає тегів, Будьте першим, хто поставить тег для цього запису!
|
MARC
| LEADER | 00000 a2200000 4500 | ||
|---|---|---|---|
| 003 | CL-VaPUC | ||
| 005 | 20240711135702.0 | ||
| 008 | 230814t2008 ||||| |||| 00| 0 eng d | ||
| 999 | |c 441494 |d 441492 | ||
| 020 | |a 978-84-8164-982-6 | ||
| 040 | |c Pontificia Universidad Católica de Valparaíso | ||
| 082 | |2 22 |a 142.78 KIE 2008 | ||
| 100 | |a Kierkegaard, Søren |e autor |d 1813-1855 |9 579207 | ||
| 245 | |a La enfermedad mortal. | ||
| 260 | |a Madrid, España: |b Trotta, |c 2008. | ||
| 300 | |a 171 páginas. | ||
| 490 | |a Colección Estructuras y Procesos. Serie Filosofía. | ||
| 583 | |k GC |c 20230814 | ||
| 650 | 0 | |9 265698 |a Existencialismo | |
| 650 | 0 | |9 266957 |a Filosofía danesa | |
| 650 | 0 | |9 266246 |a Pecado original |x Cristianismo |x Filosofía de la religión | |
| 700 | |9 863719 |a Gutiérrez Rivero, Demetrio |e traductor | ||
| 700 | |9 884153 |a Parcero Oubiña, Óscar |e nota preliminar | ||
| 942 | |n 0 |2 ddc |c BK | ||
| 952 | |0 0 |1 0 |2 ddc |4 0 |6 142_780000000000000_KIE_2008 |7 0 |8 A |9 591115 |a BIBEDU |b BIBEDU |c GEN |d 2023-08-04 |e 13 |g 17025.00 |i 5658297 |l 1 |m 1 |o 142.78 KIE 2008 |p 5658297 |r 2023-11-29 |s 2023-11-21 |t 2 |v 17025.00 |w 2023-08-04 |y BK |k FIL | ||
| 952 | |0 0 |1 0 |2 ddc |4 0 |6 142_780000000000000_KIE_2008 |7 0 |8 A |9 591116 |a BIBEDU |b BIBEDU |c GEN |d 2023-08-04 |e 13 |g 17025.00 |i 5658296 |o 142.78 KIE 2008 |p 5658296 |r 2023-08-04 |t 1 |v 17025.00 |w 2023-08-04 |y BK |k FIL | ||